00643nam a2200229 a 4500001001300000003000900013005001700022008004100039020002300080082001300103100002000116245002900136260002500165300000900190500003500199650001100234700002000245902000800265942000700273952011600280999001700396nice12345678IN_TiNIC20260116015042.0100205s2006 dela grp 000 0 eng  a8172149239 c30000a226bWAT aWatkins, Adrian aGospel and Globalisation aDelhi bISPCK c2006 a341p aincludes index and biblioraphy aGospel1 aWatkins, Adrian bSRS cBK 001040708StackRoom-aHMIbHMId2010-02-05g300.00l0o226 WATp11002114r2010-02-05v300.00w2010-02-05yBK c18113d18113